1349 1166 1092 1491 1861 1589 1342 1352 1171 1126 1979 1237 1781 1430 1122 1883 1677 1661 1850 1862 1473 1917 1150 1892 1882 1924 1033 1510 1129 1560 1092 1723 1492 1538 1537 1051 1851 1825 1236 1323 1735 1980 1408 1583 1429 1790 1587 1292 1898 1420 1230 1443 1439 1082 1984 1794 1654 1487 1262 1600 1213 1214 1903 1878 1336 1233 1769 1648 1945 1883 1137 1646 1449 1853 1202 1402 1842 1214 1122 1545 1390 1024 1455 1366 1403 1327 1926 1330 1105 1085 1635 1723 1103 1222 1029 1684 1545 1579 1381 BCNSPRNW ULIB Ver.6.0+V

เปลี่ยนเป็นภาษาไทย

Change to English
 แสดงรายละเอียดบรรณานุกรม
  กลับหน้าหลัก

Brief Record : Get Marc (ISO 2709) : E-mail record : QR code < ปิดหน้าต่าง
LEADER : 00000nam 2200000uu 4500
001    13399112418
003     ULIB
008    110627s2553||||th 000 0 tha d
020    9786167030630(ล.2)
090    นว.^bห686ส ล.2 2553
100 0  เหมันต์
245 00 สงครามชีวิต โอชิน เล่ม 2/^cเหมันต์
250    พิมพ์ครั้งที่ 1
260    กรุงเทพฯ :^bอนิเมทกรุ๊ป,^c2553
300    232 หน้า
710 1  อนิเมทกรุ๊ป
945    ^p150^l0^i028031
995    ทศพร
999 ^a ใช้งานได้ทุกระบบ
รายการนี้ยังไม่มีแท็ก
คุณยังไม่ได้ล็อกอิน คุณสามารถมีกิจกรรมร่วมกับเว็บไซต์ได้ แต่ต้องล็อกอินก่อน ::
  ล็อกอิน

รายการสื่อสารสนเทศ

ลำดับที่ ประเภท เลขเรียก/บาร์โค้ด สถานที่ สถานะ
- ไม่พบข้อมูล -

รายการใกล้เคียง
    ผู้แต่ง [เหมันต์]

BibComment


ยังไม่เคยถูกคอมเมนท์

คอมเมนท์ทรัพยากรรายการนี้
  คอมเมนท์: สงครามชีวิต โอชิน..


 Copyright 2026. Bcnsprnw @Library